| 000 | 00586nam a2200229 a 4500 | ||
|---|---|---|---|
| 001 | 0001-1401 | ||
| 003 | ELIB.Books | ||
| 008 | 160803 2010 eng | ||
| 020 | _a9814138134 | ||
| 035 | _a(ELIB.Books)0001-1556 | ||
| 092 |
_a241.66 _bNCCS |
||
| 100 | _aNCCS | ||
| 245 | _aA Christian Response to Homosexuality | ||
| 260 |
_aSingapore _bGenesis Publishers _c2004 |
||
| 300 |
_a129 _c20.5 Cm |
||
| 650 | _aHomosexuality | ||
| 856 |
_nKBTS Library _uKBTS: ELIB |
||
| 942 |
_2ddc _cBK |
||
| 990 | _a2 | ||
| 998 |
_cbat _e2016-08-03 _mcat _u2018-11-15 |
||
| 999 |
_c11401 _d11401 |
||